UBT Library

FUNKTIONSEINHEITEN DER AUTOMATISIERUNGSTECHNIK (Record no. 14721)

000 -LEADER
fixed length control field 00313nam a22001337a 4500
008 - FIXED-LENGTH DATA ELEMENTS--GENERAL INFORMATION
fixed length control field 170529b xxu||||| |||| 00| 0 eng d
020 ## - INTERNATIONAL STANDARD BOOK NUMBER
International Standard Book Number 3341002901
041 ## - LANGUAGE CODE
Language code of text/sound track or separate title ger
080 ## - UNIVERSAL DECIMAL CLASSIFICATION NUMBER
Universal Decimal Classification number 621.3
100 ## - Rafti
Rafti 27
101 ## - Shkurtesa
Shkurtesa IM
245 ## - TITLE STATEMENT
Title FUNKTIONSEINHEITEN DER AUTOMATISIERUNGSTECHNIK
Statement of responsibility, etc KRIESEL,W
942 ## - ADDED ENTRY ELEMENTS (KOHA)
Source of classification or shelving scheme
Item type Books
Holdings
Withdrawn status Lost status Source of classification or shelving scheme Damaged status Not for loan Collection code Permanent location Current location Shelving location Date acquired Total Checkouts Full call number Barcode Date last seen Price effective from Koha item type
          Koleksioni i përgjithshem UBT - Lipjan UBT - Lipjan Koleksioni i përgjithshem 05/29/2017   621. 3KRI 002-287070 12/07/2017 05/29/2017 Books
UBT Library © 2015-2024. All rights reserved University Education for Business and Technology